World directory of mathematicians 1986
Guardado en:
| Autor Corporativo: | |
|---|---|
| Formato: | Libro |
| Lenguaje: | inglés |
| Publicado: |
Helsinki
IMU
1986
|
| Edición: | 8a. ed |
| Materias: | |
| Etiquetas: |
Agregar Etiqueta
Sin Etiquetas, Sea el primero en etiquetar este registro!
|
MARC
| LEADER | 00000nam a2200000 a 4500 | ||
|---|---|---|---|
| 001 | UCW1530 | ||
| 003 | CL-VaPUC | ||
| 008 | 920722e19860000FI |||||||||||||||||eng|d | ||
| 082 | 0 | 4 | |a 510.256 |b UNI |2 21 |
| 110 | 2 | |a Unión Internacional de Matemática |e author |9 305548 | |
| 245 | 1 | 0 | |a World directory of mathematicians 1986 |
| 250 | |a 8a. ed | ||
| 300 | |a 950 p | ||
| 942 | |c BK | ||
| 945 | |d 19920722 00:00:00 | ||
| 260 | |a Helsinki |b IMU |c 1986 | ||
| 650 | 7 | |a MATEMATICOS DIRECTORIOS |2 CL-VaPUC |9 305549 | |
| 583 | |a last modification |c 19920722 00:00:00 |k Rodrigo Vera | ||
| 999 | |c 216413 |d 216411 | ||
| 952 | |0 0 |1 0 |4 0 |6 510_256000000000000_UNI_1986 |7 0 |8 A |9 202125 |a BIBMAT |b BIBMAT |d 2019-11-14 |i 2692422 |o 510.256 UNI 1986 |p 2692422 |r 2025-01-07 |w 2019-11-14 |y BK |k MAT | ||